000
00281nam a22001097a 4500
008
160426b xxu||||| |||| 00| 0 eng d
020
_a
0838513301
041
_a
eng
080
_a
618.2
245
1
0
_a
Critical thinking in nursing:
_c
Elsie L. Bandman; Bertram Bandman;
942
_2
udc
_c
BK
999
_c
1617
_d
1617